All Documented Animals in Forest Island - Statistics

General Stats
  • This quiz has been taken 6 times
  • The average score is 11 of 240
Answer Stats
Animal % Correct
Fox
67%
Wolf
67%
Bald Eagle
50%
Cat
33%
Duck
33%
Frog
33%
Grizzly Bear
33%
Hedgehog
33%
Mole
33%
Otter
33%
Panda
33%
Raccoon
33%
Squirrel
33%
Swan
33%
Tiger
33%
Alpaca
17%
Baby Rabbit
17%
Baby Silver Fox
17%
Black-footed Ferret
17%
Black Fox
17%
Black-tailed Buck
17%
Black-tailed Doe
17%
Bunny
17%
Chinchilla
17%
Crane
17%
Doe
17%
Dolphin
17%
Flamingo
17%
Gorilla
17%
Green Sea Turtle
17%
Guinea Pig
17%
Island Fox
17%
Llama
17%
Lynx
17%
Marble Fox
17%
Monkey
17%
Moose
17%
Parrot
17%
Pelican
17%
Polar Bear
17%
Rabbit
17%
Reindeer
17%
Sea Turtle
17%
Shark
17%
Silver Fox
17%
Spotted Rabbit
17%
Weasel
17%
Yellow Duck
17%
Adelie Penguin
0%
Albatross
0%
Albino Cat
0%
Albino Gorilla
0%
Albino Humpback Whale
0%
Albino Raccoon
0%
American Wood Duck Female
0%
American Wood Duck Male
0%
Apple Mango Monkey
0%
Arctic Hare
0%
Autumn Red Panda
0%
Axolotl
0%
Baby Bear
0%
Baby Black Bear
0%
Baby Chick
0%
Baby Chocolate Turtle
0%
Baby Deer
0%
Baby Dutch Rabbit
0%
Baby Eagle
0%
Baby Fox
0%
Baby Orca
0%
Baby Panda
0%
Baby Penguin
0%
Baby Polar Bear
0%
Baby Strawberry Turtle
0%
Baby Swan
0%
Baby Tiger
0%
Baby Turtle
0%
Baby Wolf
0%
Bear Cubs
0%
Bee Bear
0%
Big Bear
0%
Black Alpaca
0%
Black Cat
0%
Black-footed Albatross
0%
Black Holland Lop Rabbit
0%
Black Sheep
0%
Black Wolf
0%
Blue-eyed Cormorant
0%
Blue Rock Thrush
0%
Boar
0%
Brown Bat
0%
Brown Dutch Rabbit
0%
Brown Holland Lop
0%
Brown Sea Otter
0%
Brown Sheep
0%
Buck
0%
Bumble Fox
0%
Butterfly Cat
0%
Californian Rabbit
0%
Candle Owl
0%
Capybara
0%
Cheese Alpaca
0%
Cherry Blossom Alpaca
0%
Cherry Blossom Cat
0%
Cherry Blossom Deer
0%
Cherry Blossom Raccoon
0%
Chocolate Brown Rabbit
0%
Christmas Moose
0%
Coconut Turtle
0%
Corsac Fox
0%
Cotton Candy Sheep
0%
Crested Tit
0%
Crystal Penguin
0%
Cuckoo
0%
Dodo
0%
Downy Woodpecker
0%
Ducklings
0%
Eagle-owl
0%
Easter Rabbit
0%
Easter Turtle
0%
European Robin
0%
Flower Fox
0%
Fluffy Angora Rabbit
0%
Fluffy Rabbit
0%
Fox Cubs
0%
Frost Fox
0%
Frost Turtle
0%
Galah
0%
Ghost Deer
0%
Ghost Rabbit
0%
Giant Clam
0%
Gift Rabbit
0%
Golden Eagle
0%
Golden Frog
0%
Golden Retriever
0%
Golden Seal
0%
Gray Sheep
0%
Great Tit
0%
Green Baby Turtle
0%
Harp Seal
0%
Harpy Eagle
0%
Haunted Bear
0%
Hawaiian Llama
0%
Hawaiian Seal
0%
Hawksbill Turtle
0%
Heart Dolphin
0%
Hedgehog with Daisies
0%
Hermit Crab
0%
Holland Lop Rabbit
0%
Humpback Whale
0%
Husky
0%
Icy Hedgehog
0%
Japanese Bush Warbler
0%
Japanese Raccoon Dog
0%
Larga Seal
0%
Leatherback Turtle
0%
Long-tailed Tit
0%
Malayan Bear
0%
Mallard Duck
0%
Mandarin Duck Couple
0%
Manta Ray
0%
Marginated Tortoise
0%
Narwhal
0%
Nest Duckie
0%
New Zealand Red Rabbit
0%
Nine-tailed Fox
0%
Old World Monkey
0%
Olive Warbler
0%
Orange Frog
0%
Orcas
0%
Oriental Dollarbird
0%
Oriole
0%
Palla's Cat
0%
Palm Cat
0%
Pastel Sheep
0%
Penguin
0%
Pika
0%
Pileated Woodpecker
0%
Pineapple Hedgehog
0%
Pink-headed Duck
0%
Polar Bear Cub
0%
Puffin
0%
Pumpkin Fox
0%
Pumpkin Turtle
0%
Rainbow Deer
0%
Red Frog
0%
Redhead Duck
0%
Red-headed Vulture
0%
Red Owl
0%
Red Panda
0%
Red Squirrel
0%
Red Wolf
0%
Reindeer Calf
0%
Ribbon Seal
0%
Sakura Crane
0%
Santa Frog
0%
Santa Raccoon
0%
Seagull
0%
Seal
0%
Sea Lion
0%
Silverback
0%
Silver Squirrel
0%
Skeleton Deer
0%
Skua
0%
Snow Leopard
0%
Snow Monkey
0%
Snowy Owl
0%
Songbird
0%
Sparkle Deer
0%
Sparrow
0%
Spectacled Bear
0%
Sperm Whale
0%
Spotted Dog
0%
Sprinkles Egg Duckling
0%
Starfish
0%
Strawberry Turtle
0%
Sulcata Tortoise
0%
Sunflower Fox
0%
The Three Little Rabbits
0%
Toco Toucan
0%
Tropical Rabbit
0%
Tufted Duck
0%
Tulip Turtle
0%
Vampire Wolf
0%
Varied Tit
0%
Walrus
0%
Watermelon Bear
0%
White Cat
0%
White-chested Bear
0%
White Eagle-owl
0%
White Fat Cat
0%
White-necked Llama
0%
White Sheep
0%
White-throated redstart
0%
White Tiger
0%
White Weasel
0%
White Wolf
0%
Witch Raccoon
0%
Wolf Pups
0%
Yellow-nosed Albatross
0%
No matching quizzes found
Score Distribution
Percent of People with Each Score
Percentile by Number Answered
Your Score History
You have not taken this quiz